000 00532nam a2200193Ia 4500
003 GCL
008 140319s9999 xx 000 0 eng d
040 _aGCL /
_cGCL
082 0 4 _a327.101
_bC A
100 1 _aCOX, ROBERT W
245 1 0 _aAPPROACHES TO WORLD ORDER /
_cCOX, ROBERT W
700 1 _aSINCLAIR, TIMOTHY J
260 _a[S.N] :
_bCAMBRIDGE UNIVERSITY PRESS ،
_c1996
300 _a552 P
650 0 4 _aWORLD POLITICS
650 0 4 _aINTERNATIONAL ORGANIZATION
650 0 4 _aINTERNATIONAL COOPERATION
942 _2ddc
_cBK
999 _c15856
_d15856